000
00231nam a22000857a 4500
008
160928b xxu||||| |||| 00| 0 eng d
100
_9
784
_a
Ridout.C.S
245
_a
The Path to English-6
260
_a
New Delhi
_b
S. Chand Publications
_c
2011
999
_c
3438
_d
3438